Compendium theologiae moralis ad normam codicis canonici

Saved in:
Bibliografiske detaljer
Hovedforfatter: Ferreres, Ioanne B (Author)
Format: Bog
Sprog:latin
Udgivet: Barcelona Eugenius Subirana 1950
Udgivelse:17a. ed
Fag:
Tags: Tilføj Tag
Ingen Tags, Vær først til at tagge denne postø!

MARC

LEADER 00000cam a2200000 a 4500
001 UCD1023
003 CL-VaPUC
008 151231e19500000sp |||||||||||||||||lat|d
082 0 4 |a 241  |b FER  |2 21 
100 0 |a Ferreres, Ioanne B  |e author  |9 584101 
245 1 0 |a Compendium theologiae moralis ad normam codicis canonici 
250 |a 17a. ed 
300 |a t 
942 |c BK 
945 |d 20151231 00:35:00  |a gsalatino 
260 |a Barcelona  |b Eugenius Subirana  |c 1950 
650 0 |a Teología moral   |9 256617 
650 0 |a Ética  |9 255099 
650 7 |a DERECHO CANONICO  |2 CL-VaPUC  |9 584102 
650 0 |a Conceptos morales   |9 310606 
583 |a last modification  |c 20151231 00:35:00  |k Rodrigo Vera 
999 |c 362453  |d 362451 
952 |0 0  |1 0  |3 erd  |4 0  |6 241_000000000000000_FER_1950  |7 0  |8 P  |9 473726  |a BIBTEO  |b BIBTES  |c TEO_FTES  |h t.2  |i 5275474  |o 241 FER 1950  |p 5275474  |r 2024-01-18  |w 2019-11-24  |y BK  |z Catalogado en:20151231  |k ICR